Dharma: (Record no. 183848)

MARC details
000 -LEADER
fixed length control field 00560nam a22001817a 4500
005 - DATE AND TIME OF LATEST TRANSACTION
control field 20220106112259.0
010 ## - LCCN (DPL NO)
LC control number ENG-130968
020 ## - INTERNATIONAL STANDARD BOOK NUMBER
International Standard Book Number 978-93-896-48-881
Terms of availability 499.00
035 ## - SYSTEM CONTROL NUMBER
System control number EN-114500
037 ## - SOURCE OF ACQUISITION
Source of stock number/acquisition DBAD
082 ## - DEWEY DECIMAL CLASSIFICATION NUMBER
Classification number S
100 ## - MAIN ENTRY--PERSONAL NAME
Personal name Roy, Bhavna
245 ## - TITLE STATEMENT
Title Dharma:
Statement of responsibility, etc Amish & Bhavna Roy
Remainder of title Decoding The Epics For A Meaningful Life/
260 ## - PUBLICATION, DISTRIBUTION, ETC. (IMPRINT)
Place of publication, distribution, etc New Delhi
Name of publisher, distributor, etc Viva Books Private Limited
Date of publication, distribution, etc 2021
270 ## - ADDRESS
City New Delhi
Postal code 110002
Address 4737/23, Ansari Road, Daryaganj
Electronic mail address vivadelhi@vivagroupindia.net
300 ## - PHYSICAL DESCRIPTION
Extent 198p.
Dimensions 18cm(hbk)
942 ## - ADDED ENTRY ELEMENTS (KOHA)
Source of classification or shelving scheme Dewey Decimal Classification
Item type English Books
Classification part S
Call number suffix ROY
Holdings
Withdrawn status Lost status Not for loan Collection code Home library Current library Date acquired Source of acquisition Cost, normal purchase price Full call number Barcode Copy number Cost, replacement price Koha item type
      Non-fiction Mobile Library Mobile Library 06/01/2022 DBAD/PUB 499.00 S ROY EN-114500 1 499.00 English Books

© Delhi Public Library
Hit Counter
free hit counter